000 00598nam a2200229Ia 4500
003 OSt
005 20221006165306.0
006 a|||||r|||| 00| 0
007 ta
008 221006b |||||||| |||| 00| 0 eng d
024 _a1,316
037 _cTextual
040 _aFML
_cFML
_beng
041 _2eng
_aeng
082 _aR631x2,1, K3
100 _aKunhan Raja C Tr.
_9204317
245 0 _aSankhya Kasika of Isvavakrsna
260 _aHoshiyarpur
_bV V R I
_c1963
300 _a202
_ccm.
942 _hR631x2,1, K3
_cTEXL
_2CC
999 _c1120307
_d1120307